Axis Countries - Statistics

General Stats
  • This quiz has been taken 139 times
  • The average score is 20 of 32
Answer Stats
Status Answer % Correct
Tripartite Pact Signatory Empire of Japan
98%
Tripartite Pact Signatory German Reich
98%
Axis Member Italian Social Republic
96%
Tripartite Pact Signatory Kingdom of Italy
96%
Tripartite Pact Signatory Kingdom of Romania
95%
Tripartite Pact Signatory Kingdom of Hungary
92%
Tripartite Pact Signatory Kingdom of Bulgaria
88%
Axis Aligned French State (Vichy)
86%
Axis Member Republic of Finland
82%
Axis Member/Aligned Kingdom of Thailand
75%
Tripartite Pact Signatory Republic of Slovakia
73%
Tripartite Pact Signatory Independent State of Croatia
67%
Axis Member Reichskommissariat Norwegen
67%
Axis Member Hellenic State
61%
Axis Member Reichskommissariat Niederlande
61%
Axis Member Reorganized Goverment of China
61%
Axis Member Kingdom of Albania
58%
Axis Member Reichskommissariat Belgien u. Nordfrankreich
58%
Axis Member Territory of the Military Commander in Serbia
54%
Tripartite Pact Signatory Kingdom of Yugoslavia
51%
Axis Member Reichskommissariat Ukraine
50%
Axis Member Empire of Vietnam
47%
Axis Member Kingdom of Kampuchea
45%
Axis Member Kingdom of Luang Prabang
44%
Axis Aligned Kingdom of Iraq
43%
Axis Member Empire of Great Manchukuo
39%
Axis Member State of Burma
38%
Axis Member Second Philippine Republic
36%
Axis Member Azad Hind/Free India
34%
Axis Member Italian East Africa
26%
Axis Member Reichskommissariat Ostland
19%
Axis Member Mengjiang United Autonomous Goverment
17%
No matching quizzes found
Score Distribution
Percent of People with Each Score
Percentile by Number Answered
Your Score History
You have not taken this quiz